=LDR 00000nam 2200000 4500 =001 INLIS000000000015988 =005 20130612111250 =008 ***********************************Ind** =035 ##$$0010-061300000015988 =041 ##$$a Ind =082 ##$$a 372.832 =090 ##$$a 372.832, Har p =100 ##$$a Hartini M, Tri =245 ##$$a Pendidikan pancasila dan kewarganegaraan SD Berdasarkan kurikulum sekolah dasar 1994, kelas 1 caturwulan 3, Dra. Tri Hartini M =260 ##$$a 1993 $b Klaten =300 ##$$a iii-71 hlm., ilm., 20 cm =650 ##$$a Pancasila (Pendidikan Dasar) =850 ##$$a NBPNMAT